000 00381nam a2200157Ia 4500
005 20250423095814.0
008 250422s9999 xx 000 0 und d
020 _a0- 324- 31744- 1
050 _aHG 4026 .M437/
100 _aWilliam L. Megginson
245 0 _aIntroduction to corporate finance
260 _bWadsworth Inc.
260 _c2006
300 _a965 p
942 _cBK
999 _c31386
_d31386